| 000 | 00995nam0a2200289 4500 | ||
|---|---|---|---|
| 001 | RU\NLR\bibl\98444 | ||
| 005 | 20250617082653.0 | ||
| 021 |
_aRU _b2000-13714 _9666 |
||
| 035 | _a(NLR Aleph) 000096242 | ||
| 090 |
_a541776 _c541776 |
||
| 100 | _a20000717d2000 |||y0rusy50 ca | ||
| 101 | 0 | _arus | |
| 102 | _aRU | ||
| 105 | _aa ||||||||| | ||
| 200 | 1 |
_aИспользование техники динамического моделирования в менеджменте процентных рисков _fТ.О. Козинцев |
|
| 210 |
_aМ. _cДиалог-МГУ _d2000 |
||
| 215 |
_a20 с. _cил. _d21 |
||
| 606 | 0 |
_aРиски финансовые _92102088 _3RU\NLR\auth\661271209 |
|
| 686 | _aУ26(2)в617 | ||
| 700 | 1 |
_aКозинцев _bТ. О. _gТимур Олегович _4070 |
|
| 801 | 0 |
_aRU _bNLR _c20000717 _gPSBO |
|
| 801 | 1 |
_aRU _bNLR _c20000717 |
|
| 830 | _aАвт. по кн. | ||
| 852 |
_aNLR _j2000-4/3257 |
||
| 942 | _cBOOK | ||
| 980 | _aNB | ||